000 01778nam a2200409 i 4500
001 87386
003 FINmELB
005 20241217171544.0
006 m o u
007 cr cn|||||||||
008 201229s2019 sp ob 000 0 cat d
020 _a9788491441861
_q(e-book)
035 _a(OCoLC)1230506365
040 _aFINmELB
_bspa
_erda
_cFINmELB
050 0 0 _aPA8485.D729
_bR596 2019
080 _a821.124
082 0 0 _a871
_223
100 1 _aRizos Jiménez, Carlos Á.,
_d1975-
_eauthor,
_etranslator.
245 1 2 _aL'obra poètica llatina del jesuïta Miquel Dáoria (1737-1819) :
_bestudi, edició i traducció /
_cCarles À. Rizos Jiménez ; práoleg Josep Maria Benítez Riera, S.I.
264 1 _aLleida :
_bEdicions de la Universitat de Lleida,
_c2019.
300 _a1 recurso en línea (290 páginas)
336 _atexto
_btxt
_2rdacontent/spa
337 _acomputadora
_bc
_2rdamedia/spa
338 _arecurso en línea
_bcr
_2rdacarrier/spa
504 _aIncluye referencias bibliográficas (páginas 257-268).
588 _aDescripción basada en metadatos suministrados por el editor y otras fuentes.
590 _aRecurso electrónico. Santa Fe, Arg.: elibro, 2020. Disponible vía World Wide Web. El acceso puede estar limitado para las bibliotecas afiliadas a elibro.
600 1 0 _aDáoria, Miquel,
_d1737-1819
_xCriticism and interpretation.
600 1 4 _aDoria Miquel,
_d1737-1819.
_xCrítica e interpretación.
655 4 _aLibros electrónicos.
700 1 _aDáoria, Miquel,
_d1737-1819.
797 2 _aelibro, Corp.
856 4 0 _uhttps://elibro.net/ereader/politecnicointernacional/121794
999 _c87386
_d87386